[Event "Bronnoysund CC-ch"]
[Site "Bronnoysund"]
[Date "2011.12.07"]
[Round "7"]
[White "Lande, Steinar N"]
[Black "Nordhuus, Stein Asbjorn"]
[Result "0-1"]
[WhiteElo "1300"]
[BlackElo "1576"]
[PlyCount "96"]
[EventDate "2011.03.01"]
[EventType "swiss"]
[EventRounds "7"]
[EventCountry "NOR"]
[SourceTitle "EXT 2024"]
[Source "ChessBase"]
[SourceDate "2023.10.10"]
[SourceVersion "1"]
[SourceVersionDate "2023.10.10"]
[SourceQuality "1"]

1. c4 c6 2. Nf3 d5 3. cxd5 cxd5 4. g3 Nc6 5. Bg2 e5 6. d3 Nf6 7. 0-0 Bc5 8. Bg5 h6 9. Bxf6 Qxf6 10. Nc3 Be6 11. Qa4 0-0 12. Rad1 a6 13. a3 b5 14. Qc2 Qe7 15. b4 Ba7 16. Rc1 Rac8 17. Qb1 Rfd8 18. Rfe1 Qf6 19. e3 Ne7 20. Ne2 Bg4 21. Nd2 Qe6 22. Nb3 Qd6 23. d4 e4 24. Nc5 Qf6 25. h3 Bf3 26. Kh2 Bxg2 27. Kxg2 h5 28. Qb2 h4 29. Nf4 Bxc5 30. bxc5 g5 31. Qe2 gxf4 32. gxf4 Rc6 33. Kh2 Qf5 34. Rg1+ Rg6 35. Rxg6+ Nxg6 36. Rg1 Kf8 37. Rg5 Nxf4 38. Rxf5 Nxe2 39. Rh5 Nc3 40. Rxh4 Ke7 41. Rh6 Ra8 42. h4 Nb1 43. Rb6 Nxa3 44. Rb7+ Kf6 45. Kg3 a5 46. Kf4 b4 47. Rb6+ Kg7 48. Ke5 Nc4+ 0-1